EVANGILE SELON SAINT MARC /

Guardado en:
Detalles Bibliográficos
Formato: Libro
Edición:20a edición
Colección:VERBUM SALUTIS ; 2
Temas:
Etiquetas: Agrega una etiqueta
Sin etiquetas, Sé el primero en etiquetar este registro!

MARC

LEADER 00000nam^a2200000^a^4500
001 000244870
005 20250521000000.0
009 20260310105436.545
035 |a 067885 
037 |a Acervo Xavier Clavigero 
082 |a 226. 3  |b EVA 
245 1 0 |a EVANGILE SELON SAINT MARC /  |c S/A. ; TR. JOSEPH HUBY, S.J 
250 |a 20a edición 
264 |a PARIS :  |b GABRIEL BEAUCHESNE,  |c 1929 
300 |a 470 p. 
336 |a texto  |b txt  |2 rdacontenido 
337 |a sin mediación  |b n  |2 rdamedio 
338 |a volumen  |b nc  |2 rdasoporte 
440 |a VERBUM SALUTIS ;  |v 2 
649 |a XX 
650 |a Biblia -  |x Nuevo Testamento -  |x Evangelios -  |x Marcos -  |x Historia y Crítica 
910 |a Fondo General 
920 |a Impresos - Libros 
930 |a Colección General 
905 |a 101 
901 |a 067885  |b IT1  |c ACC  |i 067885  |u 20250521 
902 |a https://opac.biblio.iteso.mx/vufind/Record/000244870